000
00357nam a2200145Ia 4500
008
090124s9999 xx 000 0 und d
082
_b
302682
245
_a
गुणवंती
250
_a
1
260
_b
दातार उषा
_c
1993
300
_a
128
630
_a
गुणवंती
730
_a
गुणवंती
942
_c
BOOK
999
_c
192319
_d
192319